[Event "Match"]
[Site "www.echecsemail.com"]
[Date "2017.05.31"]
[Round "1"]
[White "Juodivarnai"]
[Black "Chapi"]
[WhiteElo "2150"]
[BlackElo "2110"]
[Result "0-1"]
[Round "1"]
1.e4 c5
2.Ng1f3 Nb8c6
3.Bf1b5 Ng8f6
4.e5 Nf6d5
5.Nb1c3 Nd5xc3
6.bxc3 Qd8c7
7.Bb5xc6 Qc7xc6
8.d4 b6
9.O-O Bc8b7
10.Bc1f4 h6
11.Qd1d2 g5
12.Bf4g3 O-O-O
13.Rf1d1 Qc6g6
14.d5 Bf8g7
15.a4 e6
16.d6 f5
17.h4 f4
18.Bg3h2 gxh4
19.Nf3xh4 Qg6g5
20.Qd2xf4 Bg7xe5
21.Qf4xg5 Be5xh2
22.Kxh2 hxg5
23.Kg1 Rh8xh4
24.g3 Rh4e4
{ resign }
0-1

[Event "Match"]
[Site "www.echecsemail.com"]
[Date "2017.05.31"]
[Round "1"]
[White "Cjood"]
[Black "Pwain"]
[WhiteElo "1900"]
[BlackElo "2430"]
[Result "0-1"]
[Round "1"]
1.b3 e5
2.e4 Bf8c5
3.Ng1f3 Ng8f6
4.Bf1c4 Nf6xe4
5.Bc4xf7 Kxf7
6.Nf3xe5 Kg8
7.Qd1f3 Ne4f6
8.Bc1b2 Nb8c6
9.O-O Nc6xe5
10.Bb2xe5 d6
11.Be5xf6 Qd8xf6
12.Qf3h5 g6
13.Qh5e2 Bc8f5
14.Qe2c4 Bf5e6
15.Qc4e4 d5
16.Qe4e2 Ra8e8
17.c3 Kg7
18.Qe2b5 Bc5b6
19.d4 Rh8f8
20.a4 c6
21.Qb5d3 Be6f5
22.Qd3g3 Rf8f7
23.Nb1d2 Bb6c7
24.Qg3f3 Qf6h4
25.h3 Bf5c2
26.Qf3g4 Qh4xg4
27.hxg4 Re8e2
28.Nd2f3 Bc2xb3
29.Ra1b1 Bb3xa4
30.Nf3g5 Rf7e7
31.Rb1a1 b5
32.Ng5f3 a5
33.Rf1b1 Re7e4
34.Nf3h2 Bc7xh2
{ resign }
0-1

[Event "Match"]
[Site "www.echecsemail.com"]
[Date "2017.05.31"]
[Round "1"]
[White "Bjonil60"]
[Black "Ketchuplover"]
[WhiteElo "1410"]
[BlackElo "1790"]
[Result "0-1"]
[Round "1"]
1.Ng1f3 Ng8f6
2.d3 d5
3.d4 g6
4.h3 Bf8g7
5.Nb1c3 O-O
6.g3 Rf8e8
7.e3 a6
8.Qd1e2 Nb8d7
9.g4 h6
10.Bf1g2 e5
11.Nf3h2 exd4
12.exd4 Re8xe2
13.Nc3xe2 b6
14.b3 Nf6e4
15.Bg2xe4 dxe4
16.Bc1e3 Bc8b7
17.c3 c5
18.O-O cxd4
19.Be3xd4 Nd7e5
20.Bd4xe5 Bg7xe5
21.Nh2f3 exf3
22.Ne2c1 Qd8h4
23.Rf1e1 Qh4xh3
24.Re1xe5 Qh3g2

0-1

[Event "Match"]
[Site "www.echecsemail.com"]
[Date "2017.05.31"]
[Round "1"]
[White "Cjood"]
[Black "Bjonil60"]
[WhiteElo "1669"]
[BlackElo "1410"]
[Result "1-0"]
[Round "1"]
1.e4 Nb8c6
2.Ng1f3 h6
3.Bf1c4 a6
4.d4 e6
5.Bc1f4 d6
6.c3 b5
7.Bc4b3 e5
8.dxe5 Qd8e7
9.Bb3d5 Bc8b7
10.exd6 cxd6
11.O-O Nc6d8
12.Bd5xb7 Nd8xb7
13.Rf1e1 O-O-O
14.Nf3d4 f6
15.Nd4c6 Qe7e8
16.Nc6xd8 Qe8xd8
17.Qd1d5 Ng8e7
18.Qd5e6 Kc7
19.Re1d1 Ne7c8
20.b4 g5
21.Bf4g3 h5
22.e5 Bf8g7
23.exd6 Nb7xd6
24.Bg3xd6 Nc8xd6
25.a4 Rh8e8
26.Qe6b3 f5
27.axb5 axb5
28.Ra1a7 Nd6b7
29.Rd1xd8 Re8xd8
30.Nb1a3 Kb6
31.Ra7xb7 Kxb7
32.Na3xb5 Kb6
33.Nb5d4 Bg7xd4
34.cxd4 Rd8xd4
35.Qb3e6 Kb5
36.Qe6xf5 Kxb4
37.g3 g4
38.Qf5xh5 Kc3
39.Qh5h8 Kd3
40.Qh8e5 Rd4e4
41.Qe5b5 Kd2
42.Qb5d5 Re4d4
43.Qd5xd4 Ke1
44.Qd4e4 Kd1
45.Qe4xg4 { resign }
1-0

[Event "Match"]
[Site "www.echecsemail.com"]
[Date "2017.05.31"]
[Round "1"]
[White "Guidom"]
[Black "Cjood"]
[WhiteElo "2100"]
[BlackElo "1930"]
[Result "1-0"]
[Round "1"]
1.e4 e5
2.Ng1f3 Ng8f6
3.Nb1c3 Nb8c6
4.Bf1c4 Bf8c5
5.d3 d6
6.O-O Qd8e7
7.Bc1g5 O-O
8.Nc3d5 Qe7d8
9.Nd5xf6 gxf6
10.Bg5h6 Rf8e8
11.Nf3h4 Bc5d4
12.Nh4f5 Kh8
13.Bc4xf7 Bc8xf5
14.exf5 Re8e7
15.Bf7d5 Qd8d7
16.c3 Bd4b6
17.Qd1f3 a5
18.a4 Nc6d8
19.Bd5xb7 Nd8xb7
20.Qf3xb7 Ra8a7
21.Qb7e4 d5
22.Qe4g4 c5
23.b3 Ra7a8
24.Qg4h5 Ra8g8
25.g3 e4
26.dxe4 Re7xe4
27.Ra1d1 Re4e5
28.Qh5h3 Re5xf5
29.Rd1d3 Qd7e6
30.Rd3e3 Qe6d7
31.Rf1e1 c4
32.Re3e7 Qd7c8
33.Bh6e3 Bb6xe3
34.Re7xh7 { resign }
1-0

[Event "Match"]
[Site "www.echecsemail.com"]
[Date "2017.05.31"]
[Round "1"]
[White "Carazo"]
[Black "Pellix84"]
[WhiteElo "1680"]
[BlackElo "2090"]
[Result "0-1"]
[Round "1"]
1.e4 c5
2.Bf1c4 e6
3.Ng1f3 Nb8c6
4.Nb1c3 Qd8c7
5.b3 Ng8f6
6.h3 Bf8e7
7.Bc1b2 Nc6a5
8.O-O Na5xc4
9.bxc4 a6
10.Rf1e1 d6
11.d3 Bc8d7
12.Nc3e2 O-O
13.Bb2xf6 Be7xf6
14.c3 b5
15.Qd1b3 Ra8b8
16.Ne2f4 bxc4
17.Qb3c2 Bd7b5
18.a4 cxd3
19.Qc2d2 Bb5c4
20.Kh1 Qc7a5
21.Re1c1 Rb8b3
22.Nf4xd3 Bf6xc3
23.Qd2c2 Bc3xa1
24.Qc2xc4 Rb3a3
25.Nf3e1 Ra3xa4
26.Qc4c2 Ra4xe4
27.Nd3xc5 Re4xe1
28.Rc1xe1 Qa5xe1
29.Kh2 Ba1e5
30.g3 dxc5
31.Kg2 h5
32.Qc2xc5 Rf8d8
33.Qc5b6 Qe1e4
34.Kh2 Be5xg3
{ resign }
0-1

[Event "Match"]
[Site "www.echecsemail.com"]
[Date "2017.05.31"]
[Round "1"]
[White "Cjood"]
[Black "Joseph1983"]
[WhiteElo "2030"]
[BlackElo "2190"]
[Result "0-1"]
[Round "1"]
1.e4 d6
2.d4 Ng8f6
3.Bf1d3 g6
4.Bc1e3 Bf8g7
5.c3 O-O
6.f3 e5
7.Ng1e2 Nb8c6
8.d5 Nc6e7
9.Nb1d2 Nf6e8
10.b4 f5
11.g3 fxe4
12.fxe4 Bc8h3
13.Rh1g1 Ne8f6
14.Be3g5 Nf6g4
15.Nd2c4 h6
16.Bg5c1 Ng4xh2
17.Ne2f4 exf4
18.Bc1xf4 Bg7xc3
19.Bf4d2 Nh2f3
20.Ke2 Bh3g4
21.Ke3 Bc3d4
{ resign }
0-1

[Event "Match"]
[Site "www.echecsemail.com"]
[Date "2017.05.31"]
[Round "1"]
[White "Azocarwagner"]
[Black "Whitekknight"]
[WhiteElo "1299"]
[BlackElo "1970"]
[Result "1-0"]
[Round "1"]
1.e4 e5
2.c4 Nb8c6
3.Ng1f3 Ng8f6
4.Nb1c3 Bf8b4
5.Nf3g5 O-O
6.Qd1b3 Nc6d4
7.Qb3d1 h6
8.Ng5f3 Nd4c6
9.g3 Bb4xc3
10.dxc3 Nf6xe4
11.Bf1d3 Ne4f6
12.Bd3c2 d6
13.h3 Nc6e7
14.Qd1e2 Kh8
15.Bc1d2 Ne7g8
16.O-O-O Qd8e8
17.g4 g5
18.h4 Nf6xg4
19.hxg5 f5
20.gxh6 Kh7
21.Nf3h4 Ng8xh6
22.Nh4f3 Ng4f6
23.Rh1xh6 Kg7
24.Rd1g1 Kf7
25.Nf3g5 Ke7
26.Bd2f4 e4
27.Ng5h3 Bc8e6
28.Bf4g5 Rf8f7
29.Bc2b3 Qe8f8
30.Nh3f4 Ra8e8
31.c5 Kd7
32.Nf4g6 Qf8g7
33.Qe2b5 Kc8
34.Bg5xf6 c6
35.Ng6e7 Re8xe7
36.Bb3xe6 Re7xe6
37.Bf6xg7 { resign }
1-0

[Event "Match"]
[Site "www.echecsemail.com"]
[Date "2017.05.31"]
[Round "1"]
[White "Cjood"]
[Black "Griffo30"]
[WhiteElo "1970"]
[BlackElo "2040"]
[Result "0-1"]
[Round "1"]
1.e4 e6
2.g3 d5
3.Bf1g2 dxe4
4.Bg2xe4 Ng8f6
5.Qd1f3 Nf6xe4
6.Qf3xe4 Nb8c6
7.c3 Bf8d6
8.Ng1f3 O-O
9.d4 Rf8e8
10.Nf3g5 f5
11.Qe4f3 e5
12.Qf3h5 exd4
13.Kf1 h6
14.Ng5f3 Bd6e5
15.cxd4 Nc6xd4
16.Bc1e3 Nd4xf3
17.Qh5xf3 Be5xb2
{ resign }
0-1

[Event "1/64 Finale"]
[Site "www.chess-mail.com"]
[Date "2017.05.31"]
[Round "1"]
[White "Hennie4820"]
[Black "Piriot"]
[WhiteElo "2030"]
[BlackElo "2370"]
[Result "0-1"]
[Round "1"]
1.e4 e5
2.Ng1f3 Ng8f6
3.Nf3xe5 d6
4.Ne5f3 Nf6xe4
5.c3 d5
6.Bf1d3 Bc8f5
7.O-O Bf8e7
8.Bd3xe4 dxe4
9.Nf3d4 Qd8d7
10.b4 O-O
11.Bc1b2 c5
12.Nd4xf5 Qd7xf5
13.Nb1a3 Nb8c6
14.b5 Nc6e5
15.c4 Ne5d3
16.Bb2c3 Be7f6
17.Bc3xf6 Qf5xf6
18.Na3c2 Nd3b2
19.Qd1g4 Nb2xc4
20.Rf1d1 Nc4b2
21.Rd1e1 Nb2d3
22.Re1f1 Ra8d8
23.Nc2e3 Nd3xf2
24.Ne3d1 Qf6xa1
25.Nd1xf2 Qa1xa2
26.Nf2xe4 Rd8d4
27.Qg4f3 b6
28.h3 Qa2c4
29.Ne4g3 Rd4xd2
30.Ng3f5 Rd2d3
31.Qf3c6 Kh8
32.Nf5d6 Qc4d4
{ resign }
0-1

[Event "1/64 Finale"]
[Site "www.chess-mail.com"]
[Date "2017.05.31"]
[Round "1"]
[White "Mitja"]
[Black "Cjood"]
[WhiteElo "2070"]
[BlackElo "1900"]
[Result "0-1"]
[Round "1"]
1.d4 Ng8f6
2.c3 g6
3.e3 Bf8g7
4.Qd1b3 d5
5.h3 a6
6.Ng1f3 b5
7.Qb3a3 Bc8b7
8.Qa3b3 O-O
9.Bf1e2 e6
10.Qb3c2 Nb8d7
11.Nb1d2 Nd7b6
12.Nd2b3 Ra8b8
13.Nb3c5 Nb6d7
14.Nc5xb7 Rb8xb7
15.a4 Qd8b8
16.b4 c6
17.a5 Rf8e8
18.Bc1b2 Nf6e4
19.Nf3d2 Ne4xd2
20.Qc2xd2 f5
21.f4 Nd7f6
22.Be2d3 Nf6h5
23.Qd2f2 Bg7h6
24.g4 Nh5xf4
25.exf4 Bh6xf4
26.Rh1f1 Bf4g3
{ resign }
0-1

[Event "Eq:Good team-Tigers of Istanbul : "]
[Site "www.chess-mail.com"]
[Date "2017.05.31"]
[Round "1"]
[White "Stepanpech"]
[Black "Geretree"]
[WhiteElo "2300"]
[BlackElo "1920"]
[Result "1-0"]
[Round "1"]
1.d4 d5
2.c4 dxc4
3.Ng1f3 Ng8f6
4.e3 Nb8c6
5.Bf1xc4 Bc8g4
6.Qd1b3 e6
7.Qb3xb7 Nc6b4
8.Bc4b5 c6
9.Bb5xc6 Nb4xc6
10.Qb7xc6 Nf6d7
11.Nb1d2 Ra8c8
12.Qc6a4 Qd8b6
13.Nf3e5 Qb6d6
14.Ne5xg4 Bf8e7
15.Ng4e5 f6
16.Ne5c4 Qd6b4
17.Qa4a6 Kf7
18.b3 Rc8c7
19.Bc1a3 Qb4b7
20.Qa6xb7 Rc7xb7
21.Nd2e4 f5
22.Ne4d6 Be7xd6
23.Nc4xd6 { resign }
1-0

[Event "Eq:Good team-Tigers of Istanbul : "]
[Site "www.chess-mail.com"]
[Date "2017.05.31"]
[Round "1"]
[White "Geretree"]
[Black "Stepanpech"]
[WhiteElo "1920"]
[BlackElo "2300"]
[Result "0-1"]
[Round "1"]
1.e4 e6
2.d4 d5
3.e5 c5
4.Ng1f3 Nb8c6
5.Bf1b5 cxd4
6.Nf3xd4 Ng8e7
7.Bc1g5 Bc8d7
8.a3 Qd8c7
9.Bb5xc6 Qc7xe5
10.Bg5e3 bxc6
11.Qd1f3 c5
12.Nd4b3 Ne7f5
13.O-O Bf8d6
14.g3 c4
15.Nb3c5 Bd7c6
16.Qf3f4 Qe5xb2
17.Qf4g5 Qb2xa1
18.c3 h6
19.Qg5g4 Nf5xe3
20.Qg4xg7 Ne3xf1
21.Kg2 Qa1xb1
22.Qg7xh8 Ke7
23.Qh8d4 e5
{ resign }
0-1

[Event "Fast Game"]
[Site "www.echecsemail.com"]
[Date "2017.05.31"]
[Round "1"]
[White "Ranjachess"]
[Black "Attatroll"]
[WhiteElo "1810"]
[BlackElo "1790"]
[Result "1-0"]
[Round "1"]
1.d4 f5
2.Bc1f4 Ng8f6
3.e3 e6
4.a3 d5
5.Nb1c3 c6
6.Qd1d2 Bf8d6
7.Bf4g5 O-O
8.O-O-O Nb8d7
9.f3 h6
10.Bg5xf6 Qd8xf6
11.e4 fxe4
12.fxe4 Bd6f4
13.Ng1f3 Bf4xd2
14.Rd1xd2 Nd7b6
15.e5 Qf6g6
16.Bf1d3 Qg6xg2
17.Rd2xg2 Rf8xf3
18.Rh1g1 g5
19.h4 Bc8d7
20.hxg5 h5
21.Rg2h2 Bd7e8
22.g6 Kg7
23.Rh2xh5 { resign }
1-0

[Event "Tourn. n9375"]
[Site "www.chess-mail.com"]
[Date "2017.06.01"]
[Round "1"]
[White "Luban"]
[Black "Bojan"]
[WhiteElo "2100"]
[BlackElo "1970"]
[Result "1-0"]
[Round "1"]
1.d4 g6
2.c4 c6
3.e3 Bf8g7
4.Nb1c3 d6
5.h3 Qd8b6
6.Ng1f3 e6
7.Qd1c2 e5
8.Nc3a4 Qb6d8
9.b3 Qd8e7
10.Bf1d3 f5
11.dxe5 dxe5
12.e4 f4
13.Bc1b2 b6
14.O-O h6
15.c5 Bc8b7
16.cxb6 axb6
17.Na4xb6 Ra8a5
18.Bb2c3 Ra5a7
19.Qc2b2 Bb7a6
20.Bd3xa6 Ra7xa6
21.Nb6c4 Nb8d7
22.Nf3xe5 Nd7xe5
23.Nc4xe5 Qe7e6
24.f3 Rh8h7
25.Rf1d1 g5
26.Rd1d3 Bg7f6
27.Ra1d1 Rh7a7
28.a4 c5
29.Ne5c4 Ra7b7
30.Bc3xf6 Ng8xf6
31.Rd3d6 Ra6xd6
32.Rd1xd6 Qe6e7
33.Qb2xf6 Rb7xb3
34.Rd6e6 { resign }
1-0

[Event "Tourn. n9323"]
[Site "www.chess-mail.com"]
[Date "2017.06.01"]
[Round "1"]
[White "Kevinking"]
[Black "Claymil"]
[WhiteElo "1910"]
[BlackElo "1979"]
[Result "0-1"]
[Round "1"]
1.c4 c5
2.Ng1f3 Nb8c6
3.Nb1c3 g6
4.g3 Bf8g7
5.Bf1g2 e6
6.e4 Ng8e7
7.d3 O-O
8.Nf3g1 a6
9.Bc1e3 b6
10.Ng1e2 Bc8b7
11.O-O Nc6d4
12.Be3xd4 cxd4
13.Nc3b1 Ra8c8
14.Nb1a3 e5
15.Qd1d2 Bb7c6
16.Ra1c1 f5
17.f4 d6
18.b4 Bg7h6
19.Na3c2 Qd8d7
20.Rc1b1 b5
21.Nc2a3 bxc4
22.Na3xc4 Rc8b8
23.Qd2e1 Qd7e6
24.exf5 gxf5
25.Ne2xd4 Qe6d7
26.Nd4xc6 Ne7xc6
27.fxe5 dxe5
28.Bg2xc6 Qd7xc6
29.Qe1xe5 Rb8e8
 { time }
0-1

[Event "Tourn. n9384"]
[Site "www.chess-mail.com"]
[Date "2017.06.01"]
[Round "1"]
[White "Luban"]
[Black "Bojan"]
[WhiteElo "2100"]
[BlackElo "2010"]
[Result "1-0"]
[Round "1"]
1.d4 d5
2.Ng1f3 g6
3.e3 Bf8g7
4.c4 Bc8e6
5.cxd5 Be6xd5
6.Nb1c3 Bd5c6
7.Bf1e2 e6
8.O-O Ng8f6
9.b3 Nb8d7
10.Bc1b2 Nf6e4
11.Qd1c2 f5
12.d5 exd5
13.Nc3xd5 Bg7xb2
14.Qc2xb2 Kf7
15.Rf1d1 Nd7f6
16.Nd5b6 Qd8e7
17.Nb6xa8 Rh8xa8
18.Nf3e5 Kg8
19.Ne5xc6 bxc6
20.Be2a6 Nf6d5
21.Ba6b7 Ra8b8
22.Bb7xc6 Nd5b6
23.Bc6xe4 Qe7xe4
24.Rd1d4 Qe4e7
25.Ra1d1 Qe7g7
26.Rd4d8 Rb8xd8
27.Rd1xd8 Kf7
28.Qb2xg7 Kxg7
29.Rd8b8 Kf6
30.Rb8b7 { resign }
1-0

[Event "Tourn. n9348"]
[Site "www.chess-mail.com"]
[Date "2017.06.01"]
[Round "1"]
[White "Prize64"]
[Black "Claymil"]
[WhiteElo "2100"]
[BlackElo "2070"]
[Result "1-0"]
[Round "1"]
1.e4 c5
2.Ng1f3 Nb8c6
3.Bf1b5 g6
4.Bb5xc6 bxc6
5.O-O Bf8g7
6.d3 e6
7.Nb1c3 h6
8.Bc1e3 d6
9.Qd1d2 Bc8b7
10.e5 Ng8e7
11.exd6 Qd8xd6
12.Nc3e4 Qd6c7
13.Be3xc5 O-O
14.Bc5e3 Kh7
15.Ra1e1 Ne7d5
16.Ne4c5 Nd5xe3
17.Qd2xe3 Bb7c8
18.Nf3e5 Rf8d8
19.b3 Rd8d5
20.f4 a5
21.d4 Ra8b8
22.Rf1f2 Bg7f8
23.c3 Rd5d8
24.h4 f6
25.Ne5g4 Qc7f7
26.Nc5xe6 Rd8e8
27.Ne6g5 hxg5
28.Qe3xe8 Qf7xe8
29.Re1xe8 Bf8d6
30.Ng4xf6 Kg7
31.fxg5 Bd6g3
32.Rf2f3 Bg3xh4
33.Nf6e4 Rb8a8
34.Re8e7 Kg8
35.Rf3f7 Bc8f5
36.Ne4f6 { resign }
1-0

[Event "Tourn. n9389"]
[Site "www.chess-mail.com"]
[Date "2017.06.01"]
[Round "1"]
[White "Attatroll"]
[Black "Cjood"]
[WhiteElo "2030"]
[BlackElo "2020"]
[Result "1-0"]
[Round "1"]
1.d4 f5
2.Nb1c3 h6
3.e4 h5
4.Bf1e2 Ng8f6
5.e5 Nf6g4
6.h3 g6
7.hxg4 fxg4
8.Be2xg4 Bf8g7
9.Bg4f3 c6
10.Ng1e2 e6
11.Bc1e3 a6
12.Ne2f4 g5
13.Bf3xh5 Rh8xh5
14.Qd1xh5 { resign }
1-0

[Event "Tourn. n9389"]
[Site "www.chess-mail.com"]
[Date "2017.06.01"]
[Round "1"]
[White "Balbyns"]
[Black "Attatroll"]
[WhiteElo "2000"]
[BlackElo "2030"]
[Result "1-0"]
[Round "1"]
1.e4 d6
2.Bf1c4 Ng8f6
3.Nb1c3 g6
4.Ng1f3 Bf8g7
5.d3 O-O
6.h3 c6
7.O-O e5
8.Bc1g5 Nb8d7
9.Qd1d2 Rf8e8
10.Bg5h6 Nd7b6
11.Bh6xg7 Kxg7
12.Bc4b3 Bc8e6
13.Nc3e2 Qd8c7
14.Ne2g3 a5
15.c4 a4
16.Bb3d1 d5
17.Nf3g5 dxe4
18.Ng5xe6 fxe6
19.dxe4 Nb6xc4
20.Qd2b4 b5
21.Bd1e2 Nc4b6
22.Ra1c1 Ra8d8
23.Be2xb5 Rd8d4
24.Qb4c3 Nf6xe4
25.Ng3xe4 Rd4xe4
26.Qc3xc6 Qc7xc6
27.Bb5xc6 { resign }
1-0

[Event "Tourn. n9372"]
[Site "www.chess-mail.com"]
[Date "2017.06.01"]
[Round "1"]
[White "Orhany24"]
[Black "Thrillerfan"]
[WhiteElo "2230"]
[BlackElo "2180"]
[Result "0-1"]
[Round "1"]
1.e4 e6
2.d4 d5
3.exd5 exd5
4.Ng1f3 Ng8f6
5.Bf1d3 Bf8d6
6.O-O O-O
7.h3 c6
8.Bc1g5 Bc8e6
9.Rf1e1 Nb8d7
10.Nb1d2 Qd8c7
11.c4 Rf8e8
12.c5 Bd6f4
13.Qd1c2 h6
14.Bg5h4 g5
15.Bh4g3 Bf4xg3
16.fxg3 Qc7xg3
17.Nd2f1 Qg3c7
18.Nf3e5 Nd7xe5
19.Re1xe5 Be6d7
20.Ra1e1 Re8xe5
21.Re1xe5 Ra8e8
22.Re5xe8 Nf6xe8
23.Qc2e2 Bd7e6
24.Nf1d2 Qc7f4
25.Nd2f3 Ne8f6
26.Qe2e5 Qf4xe5
27.Nf3xe5 Nf6e4
28.Bd3xe4 dxe4
29.Kf2 h5
30.Ke3 f6
31.Ne5g6 Kf7
{ resign }
0-1

[Event "Tourn. n9374"]
[Site "www.chess-mail.com"]
[Date "2017.06.01"]
[Round "1"]
[White "Llcervello"]
[Black "Cjood"]
[WhiteElo "1610"]
[BlackElo "1920"]
[Result "0-1"]
[Round "1"]
1.e4 e5
2.d3 Nb8c6
3.c3 b6
4.b4 a6
5.a4 Bc8b7
6.Qd1d2 a5
7.b5 Nc6b4
8.Bc1a3 Bf8c5
9.Ba3xb4 axb4
10.cxb4 Bc5d4
11.Ra1a2 Qd8f6
12.Ng1h3 h6
13.a5 bxa5
14.bxa5 Ng8e7
15.a6 Bb7c8
16.Qd2b4 d6
17.Bf1e2 Bc8xh3
18.Be2f1 Bh3e6
19.Ra2c2 O-O
20.f3 Bd4c5
21.Qb4c3 Ra8b8
22.Nb1a3 Bc5xa3
23.Qc3a5 c5
24.b6 Ba3b4
25.Qa5xb4 cxb4
26.b7 Ne7g6
27.Rc2c7 Qf6d8
28.Rc7c2 Qd8a5
29.Rc2c6 b3
30.Kf2 Ng6e7
31.Rc6xd6 Qa5c5
32.d4 Qc5xd6
33.Bf1e2 Qd6xd4
34.Kg3 b2
35.Rh1b1 Ne7g6
36.Be2d1 Ng6f4
37.Bd1c2 Nf4h5
38.Kh4 Nh5f4
39.g3 g5

0-1

[Event "Tourn. n9302"]
[Site "www.chess-mail.com"]
[Date "2017.06.01"]
[Round "1"]
[White "Kevinking"]
[Black "Castletyme"]
[WhiteElo "1820"]
[BlackElo "1760"]
[Result "0-1"]
[Round "1"]
1.c4 e6
2.Nb1c3 Nb8c6
3.g3 Ng8f6
4.Bf1g2 Bf8e7
5.Ng1f3 O-O
6.d4 d5
7.cxd5 Nf6xd5
8.O-O Nd5xc3
9.bxc3 Be7d6
10.e4 e5
11.d5 Nc6e7
12.Bc1e3 Bc8g4
13.Qd1b3 b6
14.Rf1e1 Bg4xf3
15.Bg2xf3 Ne7g6
16.c4 a6
17.Qb3a4 Ng6e7
18.Ra1b1 a5
19.Re1c1 Qd8e8
20.Bf3d1 Qe8xa4
21.Bd1xa4 f5
22.exf5 Ne7xf5
23.Rc1d1 Nf5xe3
24.fxe3 Rf8f3
 { time }
0-1

[Event "Tourn. n9129"]
[Site "www.chess-mail.com"]
[Date "2017.06.01"]
[Round "1"]
[White "Sachpat"]
[Black "Manolinex"]
[WhiteElo "2580"]
[BlackElo "2880"]
[Result "1/2-1/2"]
[Round "1"]
1.e4 c5
2.Ng1f3 d6
3.d4 cxd4
4.Nf3xd4 Ng8f6
5.Nb1c3 a6
6.Bc1e3 e6
7.a4 Nb8c6
8.Bf1e2 Bf8e7
9.O-O O-O
10.f4 Qd8c7
11.Kh1 Rf8e8
12.Be3g1 Ra8b8
13.Qd1d3 e5
14.Nd4xc6 bxc6
15.b3 exf4
16.Rf1xf4 d5
17.Ra1f1 Rb8b4
18.Bg1d4 Be7d6
19.Rf4xf6 gxf6
20.Bd4xf6 Bd6e5
21.Qd3f3 Be5xf6
22.Qf3xf6 Re8e6
23.Qf6h4 Qc7e7
24.Qh4xe7 Re6xe7
25.exd5 Re7e3
26.Rf1f3 Re3xf3
27.gxf3 Kg7
28.dxc6 Rb4b6
29.c7 Rb6c6
30.Nc3d5 Rc6c5
31.Be2c4 a5
32.Kg2 Bc8e6
33.c3 Be6xd5
34.Bc4xd5 Rc5xc7
35.Bd5c4 Kf6
36.Kf2 Ke7
37.Ke3 Rc7c5
38.Ke4 f6
39.f4 Kd6
40.h3 h6
41.h4 Ke7
42.Kf3 Ke8
43.Kg4 Kd7
44.Kf3 Kc6
45.Kg4 Kd6
46.Kf3 f5
47.Ke3 Rc5c7
48.Kf3 Rc7g7
49.Bc4d3 Rg7b7
50.Bd3c4 Rb7e7
51.Bc4d3 Ke6
52.b4 Re7c7
53.bxa5 Rc7xc3
54.Ke2 Rc3a3
55.Bd3b5 Kd6
56.h5 Kc7
57.Kf2 Ra3c3
58.Kg2 Rc3c2
59.Kf3 Rc2h2
60.Bb5e8 Rh2h1
61.Kg3 Rh1g1
62.Kf2 Rg1b1
63.Be8b5 Rb1b3
{ draw }
1/2-1/2

[Event "Tourn. n9381"]
[Site "www.chess-mail.com"]
[Date "2017.06.01"]
[Round "1"]
[White "Azulmarino"]
[Black "Astroboy"]
[WhiteElo "1570"]
[BlackElo "1499"]
[Result "0-1"]
[Round "1"]
1.e4 c5
2.d4 cxd4
3.Qd1xd4 Nb8c6
4.Qd4d5 Ng8f6
5.Qd5c5 Nf6xe4
6.Qc5c4 d5
7.Qc4b5 a6
8.Qb5b3 e5
9.Qb3f3 Bc8e6
10.Nb1d2 Nc6d4
11.Qf3h5 Nd4xc2
12.Kd1 Ne4xf2
13.Ke2 Be6g4
14.Qh5xg4 Nf2xg4
15.Ra1b1 Qd8b6
16.Ng1h3 Qb6e3
{ resign }
0-1

[Event "Match"]
[Site "www.echecsemail.com"]
[Date "2017.06.01"]
[Round "1"]
[White "Mitja"]
[Black "Guidom"]
[WhiteElo "2030"]
[BlackElo "2110"]
[Result "1/2-1/2"]
[Round "1"]
1.d4 d5
2.e3 c6
3.h3 Bc8f5
4.c3 e6
5.Ng1f3 Ng8f6
6.Qd1b3 Qd8b6
7.Qb3xb6 axb6
8.Nb1d2 b5
9.Nd2b3 Nb8d7
10.Nb3d2 Nd7b6
11.b3 Bf8d6
12.Bc1b2 O-O
13.Bf1e2 Nf6e4
14.Nf3h4 Ne4xd2
15.Kxd2 Bf5g6
16.Nh4f3 Rf8e8
17.Be2d3 f6
18.Bd3xg6 hxg6
19.g4 g5
20.Nf3e1 e5
21.dxe5 Bd6xe5
22.Ne1d3 Be5d6
23.Rh1e1 Kf7
24.Re1f1 { draw }
1/2-1/2

[Event "Match"]
[Site "www.echecsemail.com"]
[Date "2017.06.01"]
[Round "1"]
[White "Motorhead99"]
[Black "Guidom"]
[WhiteElo "1950"]
[BlackElo "2120"]
[Result "0-1"]
[Round "1"]
1.d4 d5
2.e3 c6
3.Bf1d3 Ng8f6
4.Nb1d2 Bc8g4
5.Ng1e2 e6
6.f3 Bg4h5
7.Ne2f4 Bh5g6
8.Nf4xg6 hxg6
9.e4 dxe4
10.fxe4 Qd8xd4
11.Nd2b3 Qd4e5
12.O-O Qe5xh2
{ resign }
0-1

[Event "Match"]
[Site "www.echecsemail.com"]
[Date "2017.06.01"]
[Round "1"]
[White "Llord"]
[Black "Motorhead99"]
[WhiteElo "1970"]
[BlackElo "1790"]
[Result "1-0"]
[Round "1"]
1.e4 e5
2.Ng1f3 Nb8c6
3.Bf1c4 Bf8c5
4.O-O h6
5.Nb1c3 d6
6.h3 Bc8e6
7.Bc4xe6 fxe6
8.d3 Ng8f6
9.a3 a5
10.Nc3a4 Bc5a7
11.Bc1e3 O-O
12.Nf3h4 Qd8e8
13.b3 Kh7
14.Ra1b1 Nc6d4
15.c3 Nd4b5
16.Rb1a1 Ba7xe3
17.fxe3 Nf6d7
18.c4 Nb5a7
19.Rf1xf8 Nd7xf8
20.Qd1g4 Na7c6
21.Na4c3 Nc6e7
22.Nc3b5 Ra8c8
23.d4 exd4
24.exd4 Ne7g6
25.Nh4xg6 Qe8xg6
26.Qg4xg6 Nf8xg6
27.d5 exd5
28.exd5 Ng6e5
29.b4 axb4
30.axb4 Ne5xc4
31.Ra1c1 Nc4e5
32.Kh2 Ne5d3
33.Rc1c4 Nd3e5
34.Rc4c3 Kg6
35.Nb5xd6 Rc8b8
36.Rc3xc7 Ne5d3
37.b5 Nd3b4
38.Rc7xb7 Rb8xb7
39.Nd6xb7 Nb4xd5
40.Nb7d6 Nd5b6
41.Kg3 Kf6
42.Kf4 Nb6d5
43.Kf3 Ke6
44.Nd6e8 Kf7
45.Ne8d6 Ke6
46.Nd6c4 Kd7
47.Ke4 Nd5c7
48.b6 Nc7b5
49.Ke5 { resign }
1-0

[Event "Match"]
[Site "www.echecsemail.com"]
[Date "2017.06.01"]
[Round "1"]
[White "Cjood"]
[Black "Mdesouza"]
[WhiteElo "1699"]
[BlackElo "2250"]
[Result "0-1"]
[Round "1"]
1.c4 Ng8f6
2.d4 g6
3.Nb1c3 Bf8g7
4.Ng1f3 O-O
5.g3 d5
6.Nc3xd5 Nf6xd5
7.cxd5 Qd8xd5
8.Bc1f4 c5
9.Bf4e5 cxd4
10.Be5xg7 Kxg7
11.Qd1xd4 Qd5xd4
12.Nf3xd4 e5
13.Nd4b5 Nb8c6
14.O-O-O Bc8f5
15.a3 Nc6d4
16.Nb5xd4 Ra8c8
17.Kd2 Rf8d8
18.Ke1 exd4
19.Bf1g2 b6
20.h4 Rc8c2
21.Rd1d2 Rc2c1
22.Rd2d1 Rd8c8
23.e4 Bf5g4
24.f3 Rc1c2
25.Rd1d2 Bg4e6
26.Rh1h2 Be6b3
27.Bg2h3 Rc2c1
28.Kf2 Rc8c7
29.Ke2 Rc7c2
30.Kd3 Rc2c4
31.Bh3d7 Rc4c7
32.Bd7b5 Rc1c5
33.Bb5a6 Rc5a5
34.Kxd4 Ra5xa6
35.Ke5 b5
36.Rd2d6 Rc7e7
{ resign }
0-1

[Event "Match"]
[Site "www.echecsemail.com"]
[Date "2017.06.01"]
[Round "1"]
[White "Gimmyg"]
[Black "Insearchof"]
[WhiteElo "2420"]
[BlackElo "2250"]
[Result "1-0"]
[Round "1"]
1.Ng1f3 d5
2.g3 c6
3.Bf1g2 Bc8g4
4.h3 Bg4h5
5.O-O e6
6.d3 Bf8d6
7.e4 Ng8e7
8.c4 dxe4
9.dxe4 Qd8c7
10.Bc1e3 Nb8d7
11.Nb1c3 O-O
12.Qd1e2 f6
13.Ra1d1  { time }
1-0

[Event "Match"]
[Site "www.echecsemail.com"]
[Date "2017.06.01"]
[Round "1"]
[White "Wwgia"]
[Black "Osvalazo"]
[WhiteElo "1900"]
[BlackElo "1810"]
[Result "1-0"]
[Round "1"]
1.d4 e6
2.c4 Qd8e7
3.Ng1f3 Qe7b4
4.Nf3d2 g6
5.Nb1c3 Nb8c6
6.e3 Ng8f6
7.a3 Qb4e7
8.Bf1e2 Bf8g7
9.O-O O-O
10.b4 a5
11.Ra1b1 axb4
12.axb4 Nc6xb4
13.c5 Nb4c6
14.Nd2f3 d6
15.cxd6 cxd6
16.e4 d5
17.e5 Nf6e4
18.Nc3xe4 dxe4
19.Nf3g5 Bg7h6
20.Ng5xe4 Bh6xc1
21.Qd1xc1 Nc6xd4
22.Qc1h6 Nd4xe2
23.Kh1 Ne2d4
24.Ne4f6 { resign }
1-0

[Event "Match"]
[Site "www.echecsemail.com"]
[Date "2017.06.01"]
[Round "1"]
[White "Caspito"]
[Black "Motorhead99"]
[WhiteElo "1920"]
[BlackElo "1900"]
[Result "1/2-1/2"]
[Round "1"]
1.e4 d6
2.d4 Ng8f6
3.Bf1d3 Nb8d7
4.Ng1f3 e5
5.Bc1g5 Bf8e7
6.Bg5xf6 Be7xf6
7.d5 a6
8.Nb1c3 Nd7c5
9.b4 Nc5xd3
10.cxd3 Bc8d7
11.O-O O-O
12.a4 h6
13.b5 axb5
14.Nc3xb5 Ra8a6
15.Qd1c2 c5
16.Qc2e2 Bf6e7
17.Rf1c1 Bd7xb5
18.axb5 Ra6xa1
19.Rc1xa1 Qd8b6
20.Qe2b2 g5
{ draw }
1/2-1/2

[Event "Match"]
[Site "www.echecsemail.com"]
[Date "2017.06.01"]
[Round "1"]
[White "Azulmarino"]
[Black "Sagara1977"]
[WhiteElo "1560"]
[BlackElo "1480"]
[Result "0-1"]
[Round "1"]
1.e4 e5
2.Ng1f3 Qd8f6
3.Bf1e2 Ng8h6
4.h3 Bf8c5
5.d3 Qf6b6
6.Rh1f1 Nb8c6
7.c3 f6
8.Bc1e3 Bc5xe3
9.fxe3 Qb6xb2
10.Nb1d2 Qb2xc3
11.a3 f5
12.Kf2 f4
13.exf4 exf4
14.a4 Qc3c5
15.Ke1 d5
16.Nd2b3 Qc5b4
17.Nb3d2 O-O
18.Ra1b1 Qb4e7
19.exd5 Nc6e5
20.Rf1g1 b6
21.Nf3xe5 Qe7xe5
22.Qd1b3 Rf8e8
23.Nd2e4 Bc8b7
24.d6 Bb7d5
25.Qb3c3 cxd6
26.Qc3d2 Bd5xe4
27.dxe4 Qe5xe4
28.Qd2a2 Re8e6
29.Rb1b2 Nh6f5
30.g4 Nf5d4
31.Kd1 Ra8e8
32.Rg1e1 d5
33.Rb2b4 f3
34.Be2xf3 Qe4xe1
{ resign }
0-1

[Event "Match"]
[Site "www.echecsemail.com"]
[Date "2017.06.01"]
[Round "1"]
[White "Ditto"]
[Black "Motorhead99"]
[WhiteElo "1760"]
[BlackElo "1829"]
[Result "1-0"]
[Round "1"]
1.e4 e5
2.Ng1f3 Nb8c6
3.Bf1c4 Bf8c5
4.d3 h6
5.c3 d6
6.O-O Ng8f6
7.Qd1b3 O-O
8.Qb3d1 Bc8g4
9.Rf1e1 a6
10.a4 b5
11.axb5 axb5
12.Ra1xa8 Qd8xa8
13.Bc4b3 Bg4e6
14.Bb3xe6 fxe6
15.Nb1d2 Nc6e7
16.b4 Bc5b6
17.Qd1b3 Qa8c8
18.h3 Kh7
19.c4 bxc4
20.Nd2xc4 Bb6d4
21.Nf3xd4 exd4
22.Bc1b2 e5
23.Re1c1 Qc8d7
24.Nc4a5 g5
25.b5 Rf8b8
26.Qb3f7 { resign }
1-0